[Event "POL-chT 1st League"]
[Site "Leba"]
[Date "2023.09.26"]
[Round "4.10"]
[White "Czyz, Artur"]
[Black "Flak, Pawel"]
[Result "1/2-1/2"]
[WhiteElo "1882"]
[BlackElo "2156"]
[PlyCount "133"]
[EventDate "2023.09.23"]
[EventType "team-swiss"]
[EventRounds "9"]
[EventCountry "POL"]
[SourceTitle "CBM 216 Extra"]
[Source "ChessBase"]
[SourceDate "2023.11.30"]
[SourceVersion "1"]
[SourceVersionDate "2023.11.30"]
[SourceQuality "1"]
[WhiteTeam "Chroscice Victoria"]
[BlackTeam "Bydgoszcz Wiatrak"]
[WhiteTeamCountry "POL"]
[BlackTeamCountry "POL"]

1. e4 Nf6 2. e5 Nd5 3. Nf3 d6 4. d4 Bg4 5. Bc4 e6 6. h3 Bh5 7. 0-0 Be7 8. Nbd2 Nb6 9. Be2 dxe5 10. dxe5 Bg6 11. c3 0-0 12. Nc4 N8d7 13. b4 Nxc4 14. Bxc4 Nb6 15. Be2 a5 16. b5 Qxd1 17. Rxd1 Rfd8 18. Bg5 Bxg5 19. Nxg5 Na4 20. Rac1 Rxd1+ 21. Bxd1 Nc5 22. Bc2 Nd3 23. Bxd3 Bxd3 24. c4 h6 25. Nf3 Kf8 26. Ne1 Bg6 27. Kf1 Rd8 28. Ke2 Ke7 29. Ke3 Rd7 30. f3 Kd8 31. g4 Kc8 32. a3 Kb8 33. h4 Ka7 34. h5 Bh7 35. Rc3 Rd1 36. Nd3 Bxd3 37. Rxd3 Rc1 38. Kd4 Kb6 39. Rc3 Rb1 40. Rd3 c6 41. bxc6 Kxc6 42. Re3 b5 43. cxb5+ Kxb5 44. Rc3 Rd1+ 45. Ke4 Rd7 46. f4 f6 47. f5 exf5+ 48. Kxf5 fxe5 49. Kxe5 Rf7 50. Ke4 Ka4 51. Ke5 Rb7 52. Kf4 Rb5 53. Rd3 Rc5 54. Re3 Rd5 55. Rc3 Kb5 56. Rc7 Rg5 57. Rc3 Ka4 58. Re3 Rc5 59. Rd3 Kb5 60. Re3 Kc4 61. Re7 Rg5 62. Rb7 Kc3 63. Rb8 Kc4 64. Rb7 Kd3 65. Rb3+ Kd4 66. Rb7 Kc4 67. Rb6 1/2-1/2

[Event "POL-chT 1st League"]
[Site "Leba"]
[Date "2023.09.24"]
[Round "2.7"]
[White "Czyz, Artur"]
[Black "Kacprzak, Karol1"]
[Result "0-1"]
[WhiteElo "1882"]
[BlackElo "2317"]
[PlyCount "48"]
[EventDate "2023.09.23"]
[EventType "team-swiss"]
[EventRounds "9"]
[EventCountry "POL"]
[SourceTitle "CBM 216 Extra"]
[Source "ChessBase"]
[SourceDate "2023.11.30"]
[SourceVersion "1"]
[SourceVersionDate "2023.11.30"]
[SourceQuality "1"]
[WhiteTeam "Chroscice Victoria"]
[BlackTeam "Opole Rodlo"]
[WhiteTeamCountry "POL"]
[BlackTeamCountry "POL"]

1. e4 c5 2. Nf3 d6 3. d4 cxd4 4. Nxd4 Nf6 5. Nc3 a6 6. Bc4 e6 7. Be3 b5 8. Bb3 Be7 9. 0-0 0-0 10. f4 Bb7 11. e5 dxe5 12. fxe5 Nfd7 13. Qh5 Bc5 14. Rxf7 Bxd4 15. Bxd4 Rxf7 16. Bxe6 Qe7 17. Bb3 Nc6 18. Nd5 Qf8 19. e6 Nxd4 20. exf7+ Kh8 21. Nf4 Qd6 22. Re1 Rf8 23. Be6 Qxf4 24. Bxd7 Qd2 0-1

[Event "EU-ch Blitz"]
[Site "Katowice"]
[Date "2022.12.16"]
[Round "1"]
[White "Czyz, Artur"]
[Black "Kozak, Antoni"]
[Result "0-1"]
[WhiteElo "1916"]
[BlackElo "2422"]
[PlyCount "45"]
[EventDate "2022.12.16"]
[EventType "swiss (blitz)"]
[EventRounds "22"]
[EventCountry "POL"]
[SourceTitle "CBM 211 Extra"]
[Source "ChessBase"]
[SourceDate "2023.01.31"]
[SourceVersion "1"]
[SourceVersionDate "2023.01.31"]
[SourceQuality "1"]

1. d4 d5 2. Bf4 Nf6 3. e3 c6 4. c3 Bf5 5. Bd3 Bg6 6. Nf3 Nbd7 7. Ne5 Nxe5 8. Bxe5 e6 9. 0-0 Bd6 10. Bg3 Bxg3 11. hxg3 Qe7 12. Qc2 e5 13. dxe5 Qxe5 14. Nd2 Qh5 15. Nf3 0-0-0 16. a4 Kb8 17. a5 c5 18. Qb1 Be4 19. b4 c4 20. Bc2 Rhe8 21. b5 Ng4 22. Rd1 Bxf3 23. Bf5 0-1

[Event "POL-chT 2nd League"]
[Site "Szklarska Poreba"]
[Date "2017.09.05"]
[Round "4.9"]
[White "Czyz, Artur"]
[Black "Rozumek, Krzysztof"]
[Result "1-0"]
[WhiteElo "1907"]
[BlackElo "1906"]
[PlyCount "74"]
[EventDate "2017.09.02"]
[EventType "team-swiss"]
[EventRounds "9"]
[EventCountry "POL"]
[SourceTitle "CBM 180 Extra"]
[Source "ChessBase"]
[SourceDate "2017.10.06"]
[SourceVersion "1"]
[SourceVersionDate "2017.10.06"]
[SourceQuality "1"]
[WhiteTeam "Wroclaw Polonia"]
[BlackTeam "Steszew Lipno"]
[WhiteTeamCountry "POL"]
[BlackTeamCountry "POL"]

1. e4 c6 2. d4 d5 3. exd5 cxd5 4. c4 dxc4 5. Bxc4 Nf6 6. Nc3 e6 7. Nf3 Be7 8. 0-0 a6 9. Bg5 b5 10. Bb3 Bb7 11. d5 Nxd5 12. Bxd5 Bxd5 13. Bxe7 Kxe7 14. Nd4 Re8 15. Qh5 b4 16. Nf5+ exf5 17. Nxd5+ Qxd5 18. Rae1+ Kf8 19. Qxh7 Re4 20. Rd1 Qa5 21. Rfe1 g6 22. Qh8+ Ke7 23. Qh4+ Ke6 24. Rxe4+ fxe4 25. Qxe4+ Qe5 26. Qxa8 a5 27. Qb7 Kf6 28. g3 Qxb2 29. Qxb8 Qxa2 30. Qh8+ Kf5 31. Qh4 g5 32. g4+ Ke6 33. Qxg5 Qb3 34. Qf5+ Ke7 35. Qe5+ Qe6 36. Qxe6+ Kxe6 37. Ra1 Kd5 1-0

[Event "Litomysl op 18th"]
[Site "Litomysl"]
[Date "2016.12.26"]
[Round "1"]
[White "Czyz, Artur"]
[Black "Neuman, Petr"]
[Result "0-1"]
[WhiteElo "1921"]
[BlackElo "2420"]
[PlyCount "44"]
[EventDate "2016.12.26"]
[EventType "swiss"]
[EventRounds "9"]
[EventCountry "CZE"]
[SourceTitle "CBM 176 Extra"]
[Source "ChessBase"]
[SourceDate "2017.03.02"]
[SourceVersion "1"]
[SourceVersionDate "2017.03.02"]
[SourceQuality "1"]

1. e4 c5 2. Nf3 d6 3. d4 cxd4 4. Nxd4 Nf6 5. Nc3 Nc6 6. Bc4 Qb6 7. Be3 Qxb2 8. Ndb5 Qb4 9. Bd3 Qa5 10. Rb1 e6 11. 0-0 Be7 12. f4 0-0 13. Ne2 e5 14. Bd2 Qd8 15. c4 exf4 16. Bxf4 Ne5 17. Nbc3 b6 18. Ng3 g6 19. Rb5 Ba6 20. Bxe5 dxe5 21. Rd5 Nxd5 22. Nxd5 Bb7 0-1

[Event "POL-chT1"]
[Site "Poronin"]
[Date "2014.09.01"]
[Round "2.2"]
[White "Czyz, Artur"]
[Black "Tomaszewski, Kacper"]
[Result "1/2-1/2"]
[WhiteElo "1981"]
[BlackElo "2069"]
[PlyCount "76"]
[EventDate "2014.08.31"]
[EventType "team-tourn"]
[EventRounds "9"]
[EventCountry "POL"]
[SourceTitle "CBM 162 Extra"]
[Source "ChessBase"]
[SourceDate "2014.10.17"]
[SourceVersion "1"]
[SourceVersionDate "2014.10.17"]
[SourceQuality "1"]
[WhiteTeam "Wroclaw Polonia II"]
[BlackTeam "Ostrow Welkopolski"]
[WhiteTeamCountry "POL"]
[BlackTeamCountry "POL"]

1. e4 c6 2. d4 d5 3. e5 c5 4. Nf3 Nc6 5. c3 Bg4 6. Be2 e6 7. 0-0 Nge7 8. Bg5 h6 9. Bxe7 Bxe7 10. dxc5 Bxf3 11. Bxf3 Nxe5 12. b4 Nxf3+ 13. Qxf3 a5 14. a3 0-0 15. Ra2 Qc7 16. g3 Rfd8 17. Rd2 Bf6 18. Rfd1 Rac8 19. Rd3 Qc6 20. Kg2 Rd7 21. c4 d4 22. Nc3 Qxf3+ 23. Kxf3 axb4 24. axb4 Rcd8 25. Ne4 Be5 26. Ke2 f5 27. Nd6 b6 28. f4 Bf6 29. Nb5 bxc5 30. bxc5 Rc8 31. Nxd4 Rxc5 32. Nb3 Rxd3 33. Kxd3 Rc7 34. c5 Rd7+ 35. Kc2 Rc7 36. Kd3 Rd7+ 37. Kc2 Rc7 38. Kd3 Rd7+ 1/2-1/2

[Event "POL-chT1"]
[Site "Poronin"]
[Date "2014.09.01"]
[Round "3.5"]
[White "Migala, Andrzej"]
[Black "Czyz, Artur"]
[Result "1-0"]
[WhiteElo "2066"]
[BlackElo "1981"]
[PlyCount "77"]
[EventDate "2014.08.31"]
[EventType "team-tourn"]
[EventRounds "9"]
[EventCountry "POL"]
[SourceTitle "CBM 162 Extra"]
[Source "ChessBase"]
[SourceDate "2014.10.17"]
[SourceVersion "1"]
[SourceVersionDate "2014.10.17"]
[SourceQuality "1"]
[WhiteTeam "Ostroda Impact"]
[BlackTeam "Wroclaw Polonia II"]
[WhiteTeamCountry "POL"]
[BlackTeamCountry "POL"]

1. e4 d6 2. d4 Nf6 3. Nc3 e5 4. Nf3 exd4 5. Nxd4 Be7 6. g3 0-0 7. Bg2 Na6 8. 0-0 Nc5 9. Re1 a5 10. h3 Re8 11. a4 c6 12. Bf4 Qb6 13. Qd2 Bd7 14. b3 Rad8 15. Rad1 Bc8 16. g4 h5 17. g5 Nh7 18. Nf5 Ne6 19. Nxe7+ Rxe7 20. Be3 Qc7 21. f4 Red7 22. Qf2 Nc5 23. Rd2 Nf8 24. Red1 b6 25. f5 g6 26. Bf4 Ba6 27. Qg3 Nb7 28. h4 b5 29. axb5 Bxb5 30. Bh3 Re7 31. f6 Ree8 32. Bxd6 Nxd6 33. Rxd6 a4 34. bxa4 Bc4 35. e5 Rxd6 36. exd6 Qb6+ 37. Qf2 Re3 38. d7 Rg3+ 39. Bg2 1-0

[Event "POL-chT2"]
[Site "Poronin"]
[Date "2013.09.14"]
[Round "8.23"]
[White "Czyz, Artur"]
[Black "Chalupnik, Marcin"]
[Result "0-1"]
[WhiteElo "2042"]
[BlackElo "2195"]
[PlyCount "68"]
[EventDate "2013.09.06"]
[EventType "team-swiss"]
[EventRounds "9"]
[EventCountry "POL"]
[SourceTitle "EXT 2015"]
[Source "ChessBase"]
[SourceDate "2014.11.20"]
[SourceVersion "1"]
[SourceVersionDate "2014.11.20"]
[SourceQuality "1"]
[WhiteTeam "Wroclaw KS Polonia Votum II"]
[BlackTeam "Warszawa YMCA"]
[WhiteTeamCountry "POL"]
[BlackTeamCountry "POL"]

1. Nf3 Nf6 2. d4 g6 3. c4 Bg7 4. Nc3 0-0 5. g3 d6 6. Bg2 Nc6 7. 0-0 e5 8. d5 Ne7 9. e4 Ne8 10. Ne1 f5 11. Nd3 Nf6 12. Bg5 fxe4 13. Nxe4 Nxe4 14. Bxe4 Bf5 15. Qe2 Qd7 16. Bxe7 Qxe7 17. Bxf5 gxf5 18. Nf4 Kh8 19. Ne6 Rf6 20. f4 e4 21. Rfd1 c5 22. Rab1 Rxe6 23. dxe6 Bd4+ 24. Kg2 Qxe6 25. b4 b6 26. Rb3 Rg8 27. b5 d5 28. Ra3 dxc4 29. Rxa7 c3 30. Rc1 e3 31. Qf3 e2 32. Re1 c2 33. Ra8 Qe4 34. Rxg8+ Kxg8 0-1

[Event "Rewal op-A 18th"]
[Site "Rewal"]
[Date "2013.08.29"]
[Round "9"]
[White "Adamowicz, Maciej"]
[Black "Czyz, Artur"]
[Result "1/2-1/2"]
[WhiteElo "2071"]
[BlackElo "2042"]
[PlyCount "66"]
[EventDate "2013.08.20"]
[EventType "swiss"]
[EventRounds "9"]
[EventCountry "POL"]
[SourceTitle "CBM 156 Extra"]
[Source "ChessBase"]
[SourceDate "2013.10.22"]
[SourceVersion "1"]
[SourceVersionDate "2013.10.22"]
[SourceQuality "1"]

1. c4 Nf6 2. Nc3 e6 3. e4 d5 4. e5 Ne4 5. Nxe4 dxe4 6. Qg4 Bd7 7. Qxe4 Bc6 8. Qf4 Na6 9. a3 Nc5 10. Qe3 Ba4 11. b4 Nb3 12. Rb1 Nd4 13. Bd3 a5 14. Bb2 Bc2 15. Bxd4 Bxb1 16. Bxb1 axb4 17. axb4 Bxb4 18. Ne2 Ra3 19. Bc3 Qh4 20. Qd3 0-0 21. 0-0 g6 22. g3 Qe7 23. Bc2 Bxc3 24. Nxc3 Rd8 25. Qe2 Qc5 26. Nb5 Ra2 27. d4 Qb4 28. Qd3 Qb2 29. Bb3 Ra1 30. Rxa1 Qxa1+ 31. Qd1 Qb2 32. Qc2 Qa1+ 33. Qd1 Qb2 1/2-1/2

[Event "Rewal op-A 18th"]
[Site "Rewal"]
[Date "2013.08.23"]
[Round "4"]
[White "Czyz, Artur"]
[Black "Popiol, Michal"]
[Result "0-1"]
[WhiteElo "2042"]
[BlackElo "1871"]
[PlyCount "60"]
[EventDate "2013.08.20"]
[EventType "swiss"]
[EventRounds "9"]
[EventCountry "POL"]
[SourceTitle "CBM 156 Extra"]
[Source "ChessBase"]
[SourceDate "2013.10.22"]
[SourceVersion "1"]
[SourceVersionDate "2013.10.22"]
[SourceQuality "1"]

1. Nf3 Nf6 2. d4 g6 3. g3 Bg7 4. Bg2 0-0 5. 0-0 d6 6. Re1 c5 7. Nc3 Nc6 8. d5 Na5 9. e4 a6 10. a4 Rb8 11. e5 Ne8 12. Qe2 Nc7 13. Bf4 b5 14. exd6 exd6 15. axb5 Nxb5 16. Ne4 Bf5 17. Nxd6 Nxd6 18. Rxa5 Qxa5 19. Bxd6 Rxb2 20. Bxf8 Bxf8 21. Qe8 Qb5 22. Bf1 Qxe8 23. Rxe8 Rxc2 24. d6 Kg7 25. Nh4 Be6 26. Bxa6 Bxd6 27. Ng2 Rc1+ 28. Bf1 c4 29. Rd8 Bc7 30. Rd4 c3 0-1

[Event "Rewal op-A 18th"]
[Site "Rewal"]
[Date "2013.08.22"]
[Round "3"]
[White "Karwowski, Kacper"]
[Black "Czyz, Artur"]
[Result "1/2-1/2"]
[WhiteElo "1904"]
[BlackElo "2042"]
[PlyCount "36"]
[EventDate "2013.08.20"]
[EventType "swiss"]
[EventRounds "9"]
[EventCountry "POL"]
[SourceTitle "CBM 156 Extra"]
[Source "ChessBase"]
[SourceDate "2013.10.22"]
[SourceVersion "1"]
[SourceVersionDate "2013.10.22"]
[SourceQuality "1"]

1. e4 e5 2. Nf3 Nf6 3. Nc3 d6 4. d4 exd4 5. Nxd4 Be7 6. Bf4 0-0 7. Be2 a6 8. a4 Re8 9. 0-0 Nbd7 10. Nf3 Nc5 11. e5 dxe5 12. Qxd8 Rxd8 13. Bxe5 Bf5 14. Bxc7 Rd7 15. Bb6 Bxc2 16. Ne5 Rd2 17. Nf3 Rd7 18. Ne5 Rd2 1/2-1/2

[Event "Cappelle op 29th"]
[Site "Cappelle la Grande"]
[Date "2013.02.28"]
[Round "7"]
[White "Czyz, Artur"]
[Black "Decoster, Frederic"]
[Result "0-1"]
[WhiteElo "2029"]
[BlackElo "2305"]
[PlyCount "82"]
[EventDate "2013.02.23"]
[EventType "swiss"]
[EventRounds "9"]
[EventCountry "FRA"]
[SourceTitle "CBM 153 Extra"]
[Source "ChessBase"]
[SourceDate "2013.04.22"]
[SourceVersion "1"]
[SourceVersionDate "2013.04.22"]
[SourceQuality "1"]

1. e4 c5 2. Nf3 d6 3. d4 cxd4 4. Qxd4 a6 5. c4 Nc6 6. Qd3 g6 7. Be2 Bg7 8. 0-0 Nf6 9. Nc3 0-0 10. Be3 Bg4 11. Qd2 Rb8 12. Rfd1 Nd7 13. Rac1 Qa5 14. a3 Rfc8 15. Nd4 Bxe2 16. Qxe2 Nxd4 17. Bxd4 Bh6 18. Nd5 Qd8 19. Rc3 e6 20. Nb4 a5 21. Nc2 Qe7 22. Rh3 Bf8 23. f4 e5 24. fxe5 dxe5 25. Bf2 Qe6 26. Ne3 Qc6 27. Qg4 Nf6 28. Qh4 h6 29. Nd5 Nxd5 30. cxd5 Qc2 31. Rhd3 Rd8 32. R3d2 Qc4 33. d6 Rxd6 34. Rxd6 Bxd6 35. Be3 Qb3 36. Re1 Bf8 37. Bxh6 Qxb2 38. Bxf8 Rxf8 39. Qg3 Rc8 40. h4 Rc1 41. h5 Qb1 0-1

[Event "Cappelle op 29th"]
[Site "Cappelle la Grande"]
[Date "2013.02.25"]
[Round "3"]
[White "Czyz, Artur"]
[Black "Westerinen, Heikki MJ"]
[Result "1/2-1/2"]
[WhiteElo "2029"]
[BlackElo "2339"]
[PlyCount "50"]
[EventDate "2013.02.23"]
[EventType "swiss"]
[EventRounds "9"]
[EventCountry "FRA"]
[SourceTitle "CBM 153 Extra"]
[Source "ChessBase"]
[SourceDate "2013.04.22"]
[SourceVersion "1"]
[SourceVersionDate "2013.04.22"]
[SourceQuality "1"]

1. e4 e6 2. d4 d5 3. Nd2 c5 4. Ngf3 Nf6 5. e5 Nfd7 6. c3 Nc6 7. Bd3 Qb6 8. 0-0 Be7 9. Re1 cxd4 10. cxd4 Nxd4 11. Nxd4 Qxd4 12. Nb3 Qa4 13. Bc2 a6 14. a3 Qc4 15. Bd3 Qc7 16. Bf4 Nc5 17. Nxc5 Qxc5 18. Rc1 Qb6 19. Be3 Qd8 20. Qg4 g6 21. Bh6 Bd7 22. Re3 Rc8 23. Rce1 Bf8 24. Bg5 Be7 25. Bh6 Bf8 1/2-1/2

[Event "Cappelle op 29th"]
[Site "Cappelle la Grande"]
[Date "2013.02.23"]
[Round "1"]
[White "Czyz, Artur"]
[Black "Blezel, Eric"]
[Result "1-0"]
[WhiteElo "2029"]
[BlackElo "1844"]
[PlyCount "63"]
[EventDate "2013.02.23"]
[EventType "swiss"]
[EventRounds "9"]
[EventCountry "FRA"]
[SourceTitle "CBM 153 Extra"]
[Source "ChessBase"]
[SourceDate "2013.04.22"]
[SourceVersion "1"]
[SourceVersionDate "2013.04.22"]
[SourceQuality "1"]

1. e4 e5 2. Nf3 Nc6 3. Bb5 a6 4. Ba4 Nf6 5. Qe2 d6 6. c3 Be7 7. 0-0 0-0 8. Rd1 b5 9. Bc2 Bg4 10. h3 Bh5 11. g4 Bg6 12. d3 h6 13. Nbd2 Nh7 14. Nf1 h5 15. Ng3 hxg4 16. hxg4 Bg5 17. Kg2 Bxc1 18. Raxc1 Ng5 19. Rh1 Nxf3 20. Qxf3 Qg5 21. Nf5 f6 22. Qh3 Kf7 23. Bb3+ Ke8 24. Nxg7+ Ke7 25. Ne6 Qxc1 26. Rxc1 Rh8 27. Qf3 Rag8 28. Nxc7 Rg7 29. Nd5+ Kd7 30. Qxf6 Bxe4+ 31. dxe4 Rxg4+ 32. Kf3 1-0

[Event "POL-chT 2nd League"]
[Site "Lazy"]
[Date "2012.09.09"]
[Round "9"]
[White "Czachor, Radoslaw"]
[Black "Czyz, Artur"]
[Result "0-1"]
[WhiteElo "2063"]
[BlackElo "2031"]
[PlyCount "60"]
[EventDate "2012.09.01"]
[EventType "team-swiss"]
[EventRounds "9"]
[EventCountry "POL"]
[SourceTitle "EXT 2019"]
[Source "ChessBase"]
[SourceDate "2018.10.10"]
[SourceVersion "1"]
[SourceVersionDate "2018.10.10"]
[SourceQuality "1"]
[WhiteTeam "Wroclaw AZS Politechnika"]
[BlackTeam "Wroclaw KS Polonia"]
[WhiteTeamCountry "POL"]
[BlackTeamCountry "POL"]

1. e4 e5 2. Nf3 Nc6 3. d4 exd4 4. Nxd4 Nf6 5. Nxc6 bxc6 6. e5 Qe7 7. Qe2 Nd5 8. c4 Ba6 9. g3 g6 10. b3 Bg7 11. Bb2 0-0 12. Bg2 Rae8 13. 0-0 Bxe5 14. Qxe5 Qxe5 15. Bxe5 Rxe5 16. cxd5 Bxf1 17. Kxf1 cxd5 18. Nc3 c6 19. Rc1 Rb8 20. Na4 Rb4 21. Bf3 Rd4 22. Nc5 Re7 23. Rc3 Rd2 24. a3 f5 25. b4 Rb2 26. Kg2 Kf8 27. Nd3 Rd2 28. a4 Re3 29. Rc5 Rexd3 30. Ra5 Rb2 0-1

[Event "POL-chT 2nd League"]
[Site "Lazy"]
[Date "2012.09.07"]
[Round "7"]
[White "Flak, Pawel"]
[Black "Czyz, Artur"]
[Result "1-0"]
[WhiteElo "2243"]
[BlackElo "2031"]
[PlyCount "107"]
[EventDate "2012.09.01"]
[EventType "team-swiss"]
[EventRounds "9"]
[EventCountry "POL"]
[SourceTitle "EXT 2019"]
[Source "ChessBase"]
[SourceDate "2018.10.10"]
[SourceVersion "1"]
[SourceVersionDate "2018.10.10"]
[SourceQuality "1"]
[WhiteTeam "Gostynin Gostmat 83"]
[BlackTeam "Wroclaw KS Polonia"]
[WhiteTeamCountry "POL"]
[BlackTeamCountry "POL"]

1. d4 Nf6 2. Nf3 g6 3. Bf4 Bg7 4. e3 0-0 5. Bc4 d6 6. h3 Nbd7 7. c3 Qe8 8. 0-0 e5 9. dxe5 dxe5 10. Bh2 Ne4 11. Bd5 Nd6 12. Nbd2 Qe7 13. Nc4 Nxc4 14. Bxc4 Nb6 15. Bb3 Bf5 16. Qe2 Rfd8 17. Rfd1 Kh8 18. Bg3 Be4 19. Rxd8+ Rxd8 20. Rd1 f6 21. Bc2 Bxc2 22. Qxc2 Rd6 23. Rd2 Qd7 24. Qd1 Rxd2 25. Qxd2 Kg8 26. b3 c6 27. Qc2 Bf8 28. Kf1 Qd5 29. e4 Qd7 30. Ke2 a5 31. Nd2 Bh6 32. f3 Bxd2 33. Qxd2 Qe7 34. Bf2 c5 35. b4 axb4 36. cxb4 Na4 37. bxc5 Qe6 38. Ke1 Qa6 39. Be3 g5 40. h4 h6 41. Kf2 Qb5 42. Kg3 Nb2 43. Qd8+ Kf7 44. Kg4 Qe2 45. Qc7+ Ke8 46. Qc8+ Ke7 47. Qxb7+ Ke6 48. Qd5+ Ke7 49. Qd6+ Ke8 50. Qd2 f5+ 51. Kxf5 Qb5 52. Qd5 Nc4 53. Ke6 Qa6+ 54. c6 1-0

[Event "Wroclaw op-A 7th"]
[Site "Wroclaw"]
[Date "2012.07.07"]
[Round "6"]
[White "Czyz, Artur"]
[Black "Hetzer, Volkhard"]
[Result "1/2-1/2"]
[WhiteElo "2062"]
[BlackElo "2010"]
[PlyCount "156"]
[EventDate "2012.07.02"]
[EventType "swiss"]
[EventRounds "9"]
[EventCountry "POL"]
[SourceTitle "CBM 149 Extra"]
[Source "ChessBase"]
[SourceDate "2012.08.24"]
[SourceVersion "1"]
[SourceVersionDate "2012.08.24"]
[SourceQuality "1"]

1. e4 Nf6 2. e5 Nd5 3. d4 d6 4. Nf3 dxe5 5. Nxe5 c6 6. Bd3 Nd7 7. 0-0 Nxe5 8. dxe5 g6 9. Qe2 Bg7 10. f4 Qc7 11. a3 0-0 12. c4 Nb6 13. Nc3 Be6 14. f5 gxf5 15. Bf4 Rad8 16. Rad1 Nd7 17. Rfe1 Nc5 18. Bb1 Rxd1 19. Nxd1 Rd8 20. Nf2 Rd4 21. Qe3 Qd8 22. b4 Na4 23. c5 Nb2 24. Qg3 Kh8 25. Be3 Rd7 26. Bc1 Nc4 27. Nd3 Rd5 28. a4 a5 29. b5 b6 30. bxc6 bxc5 31. Qf3 Qc7 32. Nf4 Rxe5 33. Rd1 Nd6 34. Bb2 Nc4 35. Nxe6 fxe6 36. Bxe5 Nxe5 37. Qh3 Ng6 38. Qf3 Bd4+ 39. Kh1 Ne5 40. Qg3 Qd6 41. Ba2 Nxc6 42. Qxd6 exd6 43. Bxe6 f4 44. Rb1 Nb4 45. Rf1 Be5 46. g3 fxg3 47. hxg3 Kg7 48. Kg2 Bf6 49. Rd1 Bd4 50. Rf1 Bf6 51. g4 h6 52. Kf3 d5 53. Rd1 Bd4 54. Bf5 Kf7 55. Rh1 Kg7 56. Re1 Bf6 57. Re8 c4 58. Rc8 c3 59. Rc7+ Kf8 60. Rc5 Bd4 61. Rxa5 Bf6 62. Ra7 d4 63. Ke2 Bg5 64. Be4 c2 65. Ra8+ Ke7 66. Bxc2 Nxc2 67. Kd3 Ne1+ 68. Kxd4 Nf3+ 69. Ke4 Nh2 70. Kf5 Kd7 71. Rb8 Kc7 72. Rb2 Nf3 73. Kg6 Ne5+ 74. Kf5 Nc6 75. Ke6 Be3 76. Kf6 Bg5+ 77. Kg6 Ne5+ 78. Kf5 Nc6 1/2-1/2

[Event "Wroclaw op-A 7th"]
[Site "Wroclaw"]
[Date "2012.07.06"]
[Round "5"]
[White "Ulanowski, Karol"]
[Black "Czyz, Artur"]
[Result "1-0"]
[WhiteElo "1987"]
[BlackElo "2062"]
[PlyCount "91"]
[EventDate "2012.07.02"]
[EventType "swiss"]
[EventRounds "9"]
[EventCountry "POL"]
[SourceTitle "CBM 149 Extra"]
[Source "ChessBase"]
[SourceDate "2012.08.24"]
[SourceVersion "1"]
[SourceVersionDate "2012.08.24"]
[SourceQuality "1"]

1. e4 g6 2. d4 Bg7 3. Nc3 c6 4. Nf3 d5 5. h3 Nf6 6. e5 Ne4 7. Nxe4 dxe4 8. Ng5 c5 9. Bb5+ Nc6 10. c3 0-0 11. 0-0 cxd4 12. Bxc6 bxc6 13. cxd4 Qb6 14. Be3 Qxb2 15. Nxe4 f6 16. exf6 exf6 17. Qa4 Qb5 18. Qxb5 cxb5 19. Nd6 Bd7 20. Rac1 f5 21. Rc7 Be6 22. Nxb5 Bxa2 23. Ra1 Bb3 24. Ra3 Bd5 25. Rc5 Rad8 26. Nc7 Bf7 27. d5 Rd7 28. Ne6 Rb8 29. Bf4 Bxe6 30. Bxb8 Bf8 31. d6 Rb7 32. Bc7 Rxc7 33. Rxc7 Bxd6 34. Raxa7 Bxc7 35. Rxc7 Bf7 36. Kf1 Kg7 37. Ke2 Kf6 38. Ke3 h6 39. Rc6+ Kg5 40. g3 Bd5 41. f4+ Kh5 42. g4+ fxg4 43. Rc5 Kh4 44. Rxd5 g3 45. Kf3 Kxh3 46. Rd1 1-0

[Event "Wroclaw op-A 7th"]
[Site "Wroclaw"]
[Date "2012.07.02"]
[Round "1"]
[White "Dragun, Kamil"]
[Black "Czyz, Artur"]
[Result "1-0"]
[WhiteElo "2434"]
[BlackElo "2062"]
[PlyCount "51"]
[EventDate "2012.07.02"]
[EventType "swiss"]
[EventRounds "9"]
[EventCountry "POL"]
[SourceTitle "CBM 149 Extra"]
[Source "ChessBase"]
[SourceDate "2012.08.24"]
[SourceVersion "1"]
[SourceVersionDate "2012.08.24"]
[SourceQuality "1"]

1. e4 e5 2. Nf3 Nf6 3. d4 Nxe4 4. Bd3 d5 5. dxe5 Nc6 6. Nbd2 Bf5 7. 0-0 Bc5 8. Qe2 Nxd2 9. Bxd2 Bg4 10. c3 Qd7 11. b4 Bb6 12. a4 a5 13. b5 Ne7 14. Be3 0-0 15. h3 Bxf3 16. Qxf3 Bxe3 17. Qxe3 Rae8 18. Rae1 Nf5 19. Qg5 g6 20. f4 h6 21. Bxf5 Qxf5 22. Qxh6 Rd8 23. g4 Qd3 24. f5 Qg3+ 25. Kh1 f6 26. fxg6 1-0

[Event "POL-chT 2nd League"]
[Site "Mrzezyno"]
[Date "2011.09.07"]
[Round "5.38"]
[White "Tokarski, Lukasz"]
[Black "Czyz, Artur"]
[Result "1-0"]
[WhiteElo "2304"]
[BlackElo "2075"]
[PlyCount "53"]
[EventDate "2011.09.03"]
[EventType "team-swiss"]
[EventRounds "9"]
[EventCountry "POL"]
[SourceTitle "EXT 2015"]
[Source "ChessBase"]
[SourceDate "2014.11.20"]
[SourceVersion "1"]
[SourceVersionDate "2014.11.20"]
[SourceQuality "1"]
[WhiteTeam "Jaworzno JKSz MCKiS"]
[BlackTeam "Wroclaw AZS Politechnika"]
[WhiteTeamCountry "POL"]
[BlackTeamCountry "POL"]

1. e4 c5 2. Nf3 d6 3. d4 cxd4 4. Nxd4 Nf6 5. Nc3 g6 6. Be3 Bg7 7. f3 Nc6 8. Bc4 0-0 9. Qd2 Nd7 10. 0-0-0 Na5 11. Bb3 Nb6 12. Qe2 Nxb3+ 13. axb3 a5 14. Qf2 Ra6 15. h4 a4 16. h5 axb3 17. cxb3 Bd7 18. Qh4 Ra1+ 19. Kc2 Rxd1 20. Kxd1 Bf6 21. Qf2 Nc8 22. Nd5 Bg7 23. Qh4 e6 24. Bg5 f6 25. hxg6 hxg6 26. Qh7+ Kf7 27. Bxf6 1-0

[Event "POL-chT 1st League"]
[Site "Katowice"]
[Date "2010.09.09"]
[Round "6"]
[White "Talla, Vladimir"]
[Black "Czyz, Artur"]
[Result "1-0"]
[WhiteElo "2456"]
[BlackElo "2088"]
[PlyCount "48"]
[EventDate "2010.09.04"]
[EventType "team-tourn"]
[EventRounds "9"]
[EventCountry "POL"]
[SourceTitle "EXT 2019"]
[Source "ChessBase"]
[SourceDate "2018.10.10"]
[SourceVersion "1"]
[SourceVersionDate "2018.10.10"]
[SourceQuality "1"]
[WhiteTeam "Legnica Miedz"]
[BlackTeam "Wroclaw AZS Politechnika"]
[WhiteTeamCountry "POL"]
[BlackTeamCountry "POL"]

1. e4 e5 2. Nf3 Nf6 3. Nxe5 d6 4. Nf3 Nxe4 5. Nc3 Nxc3 6. dxc3 Nc6 7. Be3 Be6 8. Qd2 Qd7 9. 0-0-0 Be7 10. Kb1 Bf6 11. Nd4 Nxd4 12. Bxd4 Bxd4 13. Qxd4 0-0 14. h4 Qc6 15. Bd3 Rae8 16. c4 Re7 17. h5 h6 18. b3 d5 19. cxd5 Bxd5 20. f3 Rd7 21. Qxa7 b6 22. Qa3 Re8 23. Qb2 b5 24. Rhe1 Rdd8 1-0